00314nam a2200121Ia 4500008004100000100004300041245002200084260004000106300001000146650001400156942000700170999001500177190216s9999||||xx |||||||||||||| ||und|| aStanley Kipping F&Amp; Barry Kipping F 0aOrganic Chemistry bEnglish Language Book Societyc1961 axxxii aChemistry cBK c1956d1956